[Event "BL2 West 1617 (Women)"]
[Site "Germany"]
[Date "2017.02.12"]
[Round "5.1"]
[White "Leib, Britta"]
[Black "Michna, Marta"]
[Result "0-1"]
[WhiteElo "1837"]
[BlackElo "2375"]
[PlyCount "52"]
[EventDate "2016.10.22"]
[EventType "team-tourn"]
[EventRounds "7"]
[EventCountry "GER"]
[SourceTitle "EXT 2018"]
[Source "ChessBase"]
[SourceDate "2017.10.13"]
[SourceVersion "1"]
[SourceVersionDate "2017.10.13"]
[SourceQuality "1"]
[WhiteTeam "Quickborn Holstein (W)"]
[BlackTeam "Kiel Doppelbauer (W)"]
[WhiteTeamCountry "GER"]
[BlackTeamCountry "GER"]

1. e4 e6 2. d4 b6 3. Nf3 Bb7 4. Bd3 d6 5. 0-0 Nd7 6. Re1 g6 7. Qe2 a6 8. Bg5 Ne7 9. Nbd2 h6 10. Be3 Bg7 11. c3 Nf6 12. h3 g5 13. Nh2 Ng6 14. e5 dxe5 15. Bxg6 fxg6 16. Ndf3 Nd7 17. Nxe5 Nxe5 18. dxe5 Qd5 19. f3 0-0-0 20. Qc2 Bxe5 21. Ng4 Bg3 22. Red1 Qf5 23. Qe2 h5 24. Nf2 Bd6 25. Re1 Rhe8 26. Qd3 Bh2+ 0-1